000
00233nam a2200097Ia 4500
005
20251222114408.0
008
251222s1900||||xx |||||||||||||| ||spa||
082
_a
DVD0111/L89/2000
245
0
_a
Pollitos en fuga:Chicken Run
942
_c
DVD
999
_c
1937
_d
1937